| 000 | 00416nam a2200145Ia 4500 | ||
|---|---|---|---|
| 008 | 230917s9999||||xx |||||||||||||| ||und|| | ||
| 040 |
_e133100 _aMAIN |
||
| 041 | _aEnglish | ||
| 082 | _a546.22 G793W | ||
| 100 | _aGray,N F | ||
| 245 | 0 | _aWater-technology: An Introduction for environmental scientists and engineers | |
| 260 |
_aOxford _bElseviar- Butterworth Heinemann _c2005 |
||
| 300 | _a645p. p. | ||
| 942 | _cBK | ||
| 999 |
_c149727 _d149727 |
||